000 00411nam a2200157 i 4500
001 101898
003 ES-MaACL
005 20230906183014.0
007 t|
008 051026q1910 sp ||||1| spa d
100 1 _aMella, Ricardo.
_979983
245 1 0 _aCuestiones sociales /
_cRicardo Mella.
260 _aValencia :
_bF. Sempere y C.,
_c[1910?]
300 _a273 p. ;
_c19 cm.
852 _aES-MaACL
_jF-4943
999 _c101898
_d101898